Simulácie rôznych typov prémie medzi inzerovanou cenou a realizovanou cenou nehnuteľností a ich možné dopady na odhady parametrov

Prezentácia dvoch základných možných typov cenovej prémie reprezentujúcej rozdiel medzi inzerovanou a transakčnou cenou nehnuteľností a zároveň prostredníctvom skutočných inzerovaných cien a simulovaných transakčných cien nehnuteľností zhodnotenie vplyvu tejto cenovej prémie na bodové a intervalové...

Full description

Saved in:
Bibliographic Details
Main Author: Dluhoš, Martin, 1991-
Format: Book Chapter
Language:Slovak
Subjects:
Tags: Add Tag
No Tags, Be the first to tag this record!

MARC

LEADER 00000nla a2200000 4500
001 0235790
005 20240502073819.8
041 0 |a slo 
044 |a SK 
245 1 0 |a Simulácie rôznych typov prémie medzi inzerovanou cenou a realizovanou cenou nehnuteľností a ich možné dopady na odhady parametrov  |c Martin Dluhoš 
520 |a Prezentácia dvoch základných možných typov cenovej prémie reprezentujúcej rozdiel medzi inzerovanou a transakčnou cenou nehnuteľností a zároveň prostredníctvom skutočných inzerovaných cien a simulovaných transakčných cien nehnuteľností zhodnotenie vplyvu tejto cenovej prémie na bodové a intervalové odhady parametrov jednoduchej lineárnej regresie s jednou vysvetľovanou a jednou vysvetľujúcou premennou. 
610 2 0 |a simulácia 
610 2 0 |a cena nehnuteľností 
610 2 0 |a inzercia 
610 2 0 |a analýza regresná 
610 2 0 |a modely ekonometrické 
610 2 0 |a rozdiely cenové 
100 1 |a Dluhoš, Martin, 1991-